000
00236nam a2200109Ia 4500
008
190216s9999||||xx |||||||||||||| ||und||
100
_a
Batli Boi
245
0
_a
Advanced Accounting
260
_b
Null
_c
1916
300
_a
1230p
942
_c
BK
999
_c
3929
_d
3929